=LDR 00000nam 2200000 4500 =001 INLIS000000000007703 =005 20130612095647 =008 ***********************************Ind** =035 ##$$0010-061300000007703 =041 ##$$a Ind =082 ##$$a 643.55 =090 ##$$a 643.55, Ran t =100 ##$$a RANTI, Sharmi =245 ##$$a Teras, Sharmi Ranti =260 ##$$a 1989 $b Jakarta =300 ##$$a 120 hlm., ilus., 28 cm =650 ##$$a Teras (Rumah Tinggal) =850 ##$$a NBPNMAT